| 000 | 00845nam a2200277 4500 | ||
|---|---|---|---|
| 001 | 36050 | ||
| 003 | BD-RjUL | ||
| 005 | 20211209052427.0 | ||
| 008 | 140615r19471942enk 001 0aeng | ||
| 035 | _a(OCoLC)ocm05236161 | ||
| 035 | _a(BD-RjUL)36147 | ||
| 040 |
_aDLC _cTJC _dBD-RjUL _beng |
||
| 041 | _aeng | ||
| 082 |
_a923.342 _bBRI 1947 |
||
| 100 | 1 |
_aBrockway, Fenner, _d1888-1988. _9109732 |
|
| 245 | 1 | 0 |
_aInside the left : _bthirty years of platform, press, prison and Parliament / |
| 260 |
_aLondon : _bG. Allen & Unwin, _c1942 [Impression 1947]. |
||
| 300 |
_a352 p. ; _c22 cm. |
||
| 500 | _aAutobiography. | ||
| 504 | _aIncludes index. | ||
| 610 | 2 | 0 |
_aIndependent Labour Party (Great Britain) _9109733 |
| 650 | 0 |
_aSocialism _zGreat Britain. _910731 |
|
| 942 |
_2ddc _cBK |
||
| 999 |
_c36050 _d36050 |
||